APPLIED INVESTMENT THEORY HOW MARKETS AND INVESTORS BEHAVE (Record no. 32558)
[ view plain ]
| 000 -LEADER | |
|---|---|
| fixed length control field | 00372nam a2200133Ia 4500 |
| 008 - FIXED-LENGTH DATA ELEMENTS--GENERAL INFORMATION | |
| fixed length control field | 240624s9999 xx 000 0 und d |
| 041 ## - LANGUAGE CODE | |
| Language code of text/sound track or separate title | eng |
| 082 ## - DEWEY DECIMAL CLASSIFICATION NUMBER | |
| Classification number | 332.6 COL |
| 100 ## - MAIN ENTRY--PERSONAL NAME | |
| Personal name | COLEMAN LES |
| 245 ## - TITLE STATEMENT | |
| Title | APPLIED INVESTMENT THEORY HOW MARKETS AND INVESTORS BEHAVE |
| 260 ## - PUBLICATION, DISTRIBUTION, ETC. | |
| Date of publication, distribution, etc. | 2016 |
| Place of publication, distribution, etc. | Switzerland |
| Name of publisher, distributor, etc. | Palgrave Macmillan |
| 300 ## - PHYSICAL DESCRIPTION | |
| Extent | xxv, 246 p.; 23 cm. |
| 365 ## - TRADE PRICE | |
| Currency code | ERU |
| Price amount | 33 |
| Withdrawn status | Lost status | Damaged status | Not for loan | Home library | Current library | Shelving location | Date acquired | Full call number | Barcode | Date last seen | Copy number | Price effective from | Koha item type |
|---|---|---|---|---|---|---|---|---|---|---|---|---|---|
| IMTN | IMTN | Rack 7-B | 01/07/2022 | 332.6 COL | 32558 | 06/24/2024 | 88.7 | 06/24/2024 | Books |